Central Library OPAC University of Rajshahi
Normal view MARC view

Entry Personal Name

Number of records used in: 2

001 - CONTROL NUMBER

  • control field: 4651

003 - CONTROL NUMBER IDENTIFIER

  • control field: BD-RjUL

005 - DATE AND TIME OF LATEST TRANSACTION

  • control field: 20220906093241.0

008 - FIXED-LENGTH DATA ELEMENTS

  • fixed length control field: 220906|| aca||aabn | a|a d

040 ## - CATALOGING SOURCE

  • Original cataloging agency: BD-RjUL
  • Transcribing agency: BD-RjUL

100 ## - HEADING--PERSONAL NAME

  • Personal name: دهلوي, محمد نذير احمد خان # # Dehlavi, Muhammad Nazir Ahmad Khan
  • Dates associated with a name: 1836-1912

670 ## - SOURCE DATA FOUND

  • Source citation: Work cat.: (BD-RjUL)80307: دهلوي, محمد نذير احمد خان # # Dehlavi, Muhammad Nazir Ahmad Khan 1836-1912, author., بنات النعش : مع فرہنگ و مقدمہ # # Banātunnaʻsh : ma;a Farhang wa Muqaddama /